000
00259nam a2200097Ia 4500
001
992808
005
20250826221355.0
008
250824s9999 xx 000 0 und d
245
0
_a
KAFADAN KONTAKLAR ADRESE TESLİM
_c
PHILIP ARDAGH
260
_b
PARODİ YAYINLARI
999
_c
992808
_d
992808